000 00530nam a2200181Ia 4500
003 IN-BaIIA
008 211028s9999 xx 000 0 eng d
040 _cIIA Library
080 _a035:5
_bMUT
245 4 _aThe Advance science masters handbook
_ccompiled by Ivan L. Muter
250 _a1st ed.
260 _aHainault
_bAdvance Components
_c1960
300 _a124p.
650 _aAstronomy and Astrophysics Thesaurus
650 _aHandbooks-Electronic Engineering
_93215
700 _aMuter, Ivan L., comp.
_98146
942 _cBK
999 _c4612
_d4612